| 000 | 00591nam a22002057a 4500 | ||
|---|---|---|---|
| 003 | OSt | ||
| 005 | 20160602135246.0 | ||
| 008 | 131001t xxu||||| |||| 00| 0 eng d | ||
| 020 | _a9781416603214 | ||
| 050 |
_aLB 1632 _b.Iv84 2006 |
||
| 082 |
_aGLT 428.4071 _bIv3 2006 |
||
| 100 | _aIvey, Gay | ||
| 245 |
_aCreating literacy-rich schools for adolescents / _cGay Ivey [and] Douglas Fisher |
||
| 260 |
_aAlexandria, Va : _bASCD, _c2006. |
||
| 300 |
_a153 p. : _bill. ; _c22 cm. |
||
| 650 | _2 Reading (Secondary). | ||
| 700 | _aFisher, Douglas | ||
| 942 |
_2lcc _cBK |
||
| 999 |
_c12589 _d12589 |
||